Prikladnaja obščaja teorija sistem v 2-ch knigach

Gespeichert in:
Bibliographische Detailangaben
1. Verfasser: Gigch, John P. van
Format: Buch
Sprache:Russisch
Veröffentlicht: Moskva Mir 1981
Schriftenreihe:Dlja naučnych bibliotek
Tags: Tag hinzufügen
Keine Tags, Fügen Sie das erste Tag hinzu!

MARC

LEADER 00000nam a2200000 4500
001 c134996
005 20231103121813.6
041 0 |a rus 
044 |a RU 
245 1 0 |a Prikladnaja obščaja teorija sistem  |b v 2-ch knigach  |c John P. van Gigch 
264 1 |a Moskva  |b Mir  |c 1981 
300 |a S. 342-730 
490 1 |a Dlja naučnych bibliotek 
830 0 |a Dlja naučnych bibliotek 
100 1 |a Gigch, John P. van